5 bí kíp luyện nghe tiếng Anh = 5 tips for success english listening
Luyện kĩ năng nghe tiếng Anh qua các câu chuyện, các bài hát tiếng Anh, những truyện cười hay và các đoạn hội thoại hàng ngày
Đã lưu trong:
| 主要作者: | |
|---|---|
| 格式: | 圖書 |
| 語言: | Undetermined |
| 出版: |
Hà Nội
Nxb. Đại học Quốc gia Hà Nội
2014
|
| 主題: | |
| 標簽: |
添加標簽
沒有標簽, 成為第一個標記此記錄!
|
| Thư viện lưu trữ: | Trung tâm Học liệu Trường Đại học Cần Thơ |
|---|
| LEADER | 00887nam a2200229Ia 4500 | ||
|---|---|---|---|
| 001 | CTU_207400 | ||
| 008 | 210402s9999 xx 000 0 und d | ||
| 020 | |c 85000 | ||
| 082 | |a 428.34 | ||
| 082 | |b M600 | ||
| 100 | |a Mỹ Hương | ||
| 245 | 0 | |a 5 bí kíp luyện nghe tiếng Anh = | |
| 245 | 0 | |b 5 tips for success english listening | |
| 245 | 0 | |c Mỹ Hương (Chủ biên) ; Ngọc Mai (Hiệu đính) | |
| 260 | |a Hà Nội | ||
| 260 | |b Nxb. Đại học Quốc gia Hà Nội | ||
| 260 | |c 2014 | ||
| 520 | |a Luyện kĩ năng nghe tiếng Anh qua các câu chuyện, các bài hát tiếng Anh, những truyện cười hay và các đoạn hội thoại hàng ngày | ||
| 650 | |a Tiếng Anh,English language | ||
| 650 | |x Nghe,Listening | ||
| 904 | |i Hải | ||
| 980 | |a Trung tâm Học liệu Trường Đại học Cần Thơ | ||